[Event "Graz op-A"]
[Site "Graz"]
[Date "1999.??.??"]
[Round "7"]
[White "Burmakin, Vladimir"]
[Black "Malaniuk, Vladimir P"]
[Result "1/2-1/2"]
[WhiteElo "2575"]
[BlackElo "2525"]
[PlyCount "153"]
[EventDate "1999.09.17"]
[Source "www.chesslib.no"]
[SourceDate "2004.05.04"]

1. d4 f5 2. g3 Nf6 3. Bg2 g6 4. c3 Bg7 5. Qb3 c5 6. dxc5 Na6 7. Qa3 Qc7 8. b4 Ne4 9. Bb2 b6 10. Nd2 Nxd2 11. Bxa8 Nc4 12. Qb3 Nxb2 13. Qxb2 bxc5 14. b5 Qa5 15. Rc1 Nc7 16. Bf3 Nxb5 17. Kf1 Nxc3 18. Rc2 O-O 19. Qb3+ e6 20. e3 Ba6+ 21. Kg2 c4 22. Qb2 g5 23. g4 fxg4 24. Bxg4 Qd5+ 25. f3 Qd3 26. Rd2 Nd5 27. Rxd3 Bxb2 28. Rxd5 exd5 29. Ne2 c3 30. Nd4 Rf7 31. Rd1 Bc4 32. a4 Kf8 33. Kg3 Ke7 34. Bf5 Bb3 35. Bc2 Bxc2 36. Nxc2 Ke6 37. h3 d6 38. Kf2 Rf6 39. Rd4 Rh6 40. Kg2 a5 41. Rg4 Rg6 42. Kf2 Kd7 43. h4 gxh4 44. Rxh4 Rg7 45. Kf1 Kc6 46. f4 d4 47. Nxd4+ Kd5 48. f5 Rc7 49. Nc2 Ke5 50. Rh5 Rf7 51. Ke2 Rxf5 52. Rxh7 Rg5 53. Rh2 Kd5 54. Kd3 Kc5 55. Rh8 Rg2 56. Rc8+ Kd5 57. e4+ Ke5 58. Ne1 Rg3+ 59. Kc2 Kxe4 60. Re8+ Kd5 61. Kb3 Bc1 62. Ra8 Bf4 63. Rxa5+ Ke4 64. Rh5 Rg1 65. Nc2 Be5 66. Na3 Kd3 67. Rh3+ Rg3 68. Rh2 Rf3 69. Rg2 d5 70. Nc2 Ke4 71. Re2+ Kf4 72. Ne1 Rg3 73. Ng2+ Kf5 74. Ne1 d4 75. Kc4 Rg8 76. Kd3 Bf6 77. a5 1/2-1/2

[Event "7th Amplico AIG Life"]
[Site "Warsaw POL"]
[Date "2007.12.15"]
[Round "8"]
[White "Bromberger, S."]
[Black "Bartel, Mat"]
[Result "0-1"]
[WhiteElo "2491"]
[BlackElo "2608"]
[PlyCount "78"]
[EventDate "2007.12.15"]
[Source "www.chesslib.no"]
[SourceDate "2004.05.04"]

1. d4 f5 2. g3 Nf6 3. Bg2 g6 4. c3 Bg7 5. Qb3 Nc6 6. Nh3 d5 7. Nf4 e6 8. Nd2 O-O 9. O-O b6 10. Qa4 Qe8 11. Re1 Bd7 12. Qc2 Rc8 13. Nf3 Ne4 14. b3 Na5 15. Ne5 c5 16. f3 Nxc3 17. Qxc3 cxd4 18. Qxd4 Nc6 19. Nxc6 Rxc6 20. Qd3 Bxa1 21. Ba3 Bg7 22. Bxf8 Qxf8 23. e4 Rc3 24. Qd1 Qc5+ 25. Kh1 fxe4 26. fxe4 d4 27. e5 Bc6 28. Qg4 Bxg2+ 29. Kxg2 Qc6+ 30. Kh3 Rc2 31. Qxe6+ Qxe6+ 32. Nxe6 d3 33. Nd4 Rxa2 34. e6 Kf8 35. Rf1+ Ke8 36. Nb5 Be5 37. Re1 d2 38. Rxe5 d1=Q 39. Nc7+ Ke7 0-1

[Event "Alushta2"]
[Site "Alushta"]
[Date "1994.??.??"]
[Round "8"]
[White "Tregubov, Pavel V"]
[Black "Malaniuk, Vladimir P"]
[Result "0-1"]
[WhiteElo "2495"]
[BlackElo "2595"]
[PlyCount "58"]
[EventDate "1994.02.??"]
[Source "ChessBase"]

1. d4 f5 2. g3 Nf6 3. Bg2 g6 4. Nh3 Nc6 5. d5 Ne5 6. f4 Neg4 7. Ng5 c6 8. h3 Nh6 9. c4 Bg7 10. Nc3 O-O 11. Qd3 Qc7 12. O-O d6 13. Qe3 e5 14. dxe6 Re8 15. Rd1 Qe7 16. b3 Bxe6 17. Ba3 Nf7 18. Rac1 Rad8 19. Nxf7 Qxf7 20. Bxd6 Bxc4 21. Qxa7 Bxe2 22. Nxe2 Rxe2 23. Bf1 Re6 24. Bc4 Nd5 25. Bxd5 cxd5 26. Rc7 Qe8 27. Bb4 Re2 28. Rxb7 Bf6 29. Qb6 Qe4 0-1

[Event "Metz op"]
[Site "Metz"]
[Date "1999.04.22"]
[Round "6"]
[White "Eingorn, Vereslav S"]
[Black "De la Riva Aguado, Oscar"]
[Result "1-0"]
[WhiteElo "2592"]
[BlackElo "2495"]
[PlyCount "87"]
[EventDate "1999.04.??"]
[Source "www.chesslib.no"]
[SourceDate "2004.05.04"]

1. d4 f5 2. g3 Nf6 3. Bg2 g6 4. Nd2 Bg7 5. c3 Nc6 6. Nh3 O-O 7. Nf4 d5 8. Nf3 e6 9. Nd3 Ne4 10. h4 h6 11. Bf4 Bd7 12. Qc1 Kh7 13. Qe3 b6 14. Rc1 Rc8 15. Rc2 Be8 16. Qc1 Qe7 17. b3 Na5 18. Be5 c5 19. Qa3 Rf7 20. Qb2 Nc6 21. Bxg7 Rxg7 22. e3 Kg8 23. O-O Na5 24. Nde5 Nd6 25. dxc5 bxc5 26. c4 dxc4 27. bxc4 Qb7 28. Qa1 Qa6 29. Rfc1 Kh7 30. g4 Nc6 31. g5 h5 32. Ne1 Nb4 33. Rd2 f4 34. exf4 Nf5 35. N1f3 Ba4 36. Bh3 Rf8 37. a3 Nc6 38. Nd7 Qc8 39. Nxf8+ Qxf8 40. Re1 Nfd4 41. Nxd4 Nxd4 42. Rxd4 cxd4 43. Qxd4 Rd7 44. Qe3 1-0

[Event "Nis"]
[Site "?"]
[Date "1996.??.??"]
[Round "?"]
[White "Rajkovic, Du"]
[Black "Malaniuk, Vladimir P"]
[Result "0-1"]
[WhiteElo "2475"]
[BlackElo "2610"]
[PlyCount "80"]
[EventDate "1996.??.??"]
[Source "ChessBase"]
[SourceDate "1996.10.01"]

1. d4 f5 2. g3 Nf6 3. Bg2 g6 4. Nf3 Bg7 5. O-O O-O 6. c3 e6 7. Nbd2 Nc6 8. b4 a6 9. a4 d6 10. Ba3 Nd5 11. Qb3 b5 12. e4 fxe4 13. Nxe4 Bd7 14. axb5 axb5 15. Bb2 Rxa1 16. Rxa1 Qe7 17. Re1 h6 18. h4 Qf7 19. Re2 Nce7 20. Qc2 Nb6 21. Bc1 Ned5 22. Bd2 Nc4 23. Qc1 Nxd2 24. Qxd2 Nb6 25. Re1 Qf5 26. Qe2 Qh5 27. Nfd2 Qxe2 28. Rxe2 Ra8 29. Bh3 Ra1+ 30. Kg2 Kf7 31. Nf1 Bc6 32. f3 e5 33. dxe5 Bxe5 34. Nfd2 Nd5 35. Nb3 Ra3 36. Na5 Ba8 37. h5 Nxc3 38. Rc2 Nxe4 39. Rxc7+ Kf6 40. fxe4 Rxg3+ 0-1

[Event "RUS-Cup2"]
[Site "Moscow"]
[Date "1996.??.??"]
[Round "4"]
[White "Baikov, Vladimir A"]
[Black "Malaniuk, Vladimir P"]
[Result "0-1"]
[WhiteElo "2470"]
[BlackElo "2610"]
[PlyCount "58"]
[EventDate "1996.11.28"]
[Source "www.chesslib.no"]
[SourceDate "2004.05.04"]

1. d4 f5 2. g3 Nf6 3. Bg2 g6 4. Nf3 Bg7 5. O-O O-O 6. c3 e6 7. Nbd2 Nc6 8. Qc2 d5 9. Ne1 e5 10. dxe5 Nxe5 11. Ndf3 Nf7 12. Nd3 Qe7 13. Be3 b6 14. Bd4 Bb7 15. Rad1 Nd6 16. Nf4 c6 17. b3 Rfe8 18. Be5 Nfe4 19. Bxg7 Qxg7 20. Rc1 g5 21. Nd3 c5 22. e3 Rad8 23. c4 Ba6 24. Nb2 f4 25. exf4 gxf4 26. Nd2 Nf5 27. Nxe4 dxe4 28. Bxe4 Nd4 29. Qd3 Rxe4 0-1

[Event "7th Amplico AIG Life"]
[Site "Warsaw POL"]
[Date "2007.12.15"]
[Round "4"]
[White "Akesson, R."]
[Black "Bartel, Mat"]
[Result "1/2-1/2"]
[WhiteElo "2468"]
[BlackElo "2608"]
[PlyCount "80"]
[EventDate "2007.12.15"]
[Source "www.chesslib.no"]
[SourceDate "2004.05.04"]

1. d4 f5 2. g3 Nf6 3. Bg2 g6 4. Nf3 Bg7 5. O-O O-O 6. b3 c5 7. c4 Ne4 8. Bb2 Nc6 9. e3 e6 10. Qc2 d5 11. cxd5 Nb4 12. Qe2 b6 13. dxe6 Ba6 14. Qd1 Qe7 15. Nbd2 Rad8 16. Nc4 Qxe6 17. a3 Nc6 18. Qc2 cxd4 19. Nxd4 Nxd4 20. Bxd4 Bxd4 21. exd4 Bxc4 22. bxc4 Rxd4 23. Rfd1 Qxc4 24. Qxc4+ Rxc4 25. a4 a5 26. Rab1 Rb8 27. Bxe4 Rxe4 28. Rd7 Rf8 29. Rxb6 Rf7 30. Rd8+ Kg7 31. Ra8 f4 32. gxf4 Rxa4 33. Rb5 Rf5 34. Rxf5 gxf5 35. Ra6 Ra3 36. Kg2 h5 37. f3 Ra2+ 38. Kg3 a4 39. h3 a3 40. Kh4 Ra1 1/2-1/2

[Event "RUS-Cup"]
[Site "Omsk/Perm"]
[Date "1998.??.??"]
[Round "3"]
[White "Malaniuk, Vladimir P"]
[Black "Potapov, Alexander"]
[Result "1/2-1/2"]
[WhiteElo "2600"]
[BlackElo "2475"]
[PlyCount "87"]
[EventDate "1998.??.??"]
[Source "www.chesslib.no"]
[SourceDate "2004.05.04"]

1. d4 f5 2. g3 Nf6 3. Bg2 g6 4. Nf3 Bg7 5. O-O O-O 6. Nbd2 Nc6 7. c4 d6 8. d5 Ne5 9. Rb1 h6 10. b3 Nxf3+ 11. Nxf3 Ne4 12. Bb2 e5 13. dxe6 Bxe6 14. Bxg7 Kxg7 15. Qd4+ Qf6 16. Rbc1 a5 17. Rfd1 Rfe8 18. e3 Bf7 19. Qxf6+ Kxf6 20. Nd4 Nc5 21. Nb5 Re7 22. Nc3 g5 23. Rd4 Rf8 24. h3 Kg7 25. Re1 Rfe8 26. Rb1 Bg6 27. Rbd1 Rf7 28. Nd5 Ne6 29. R4d2 Nc5 30. Rb2 Bh5 31. Rd4 Ne6 32. Rdd2 f4 33. exf4 gxf4 34. Rb1 fxg3 35. fxg3 Ng5 36. g4 Bg6 37. Rf1 Rxf1+ 38. Kxf1 c6 39. Nf4 Rf8 40. Rf2 Bf7 41. Ke2 Re8+ 42. Kd3 Re1 43. Rf1 Re5 44. Rf2 1/2-1/2

[Event "GER-FRA"]
[Site "Kaufbeuren"]
[Date "1993.??.??"]
[Round "1"]
[White "Lobron, Eric"]
[Black "Koch, Jean Rene"]
[Result "0-1"]
[WhiteElo "2575"]
[BlackElo "2500"]
[PlyCount "82"]
[EventDate "1993.10.??"]
[Source "www.chesslib.no"]
[SourceDate "2004.05.04"]

1. d4 f5 2. g3 Nf6 3. Bg2 g6 4. Nf3 Bg7 5. O-O O-O 6. c3 e6 7. Nbd2 d5 8. Ne5 Nbd7 9. Nd3 b6 10. a4 c5 11. a5 Ne4 12. Nf4 Re8 13. axb6 Qxb6 14. Nf3 Ba6 15. h4 Bc4 16. Qa4 Qb5 17. Qxb5 Bxb5 18. Be3 a6 19. Ng5 Nxg5 20. hxg5 cxd4 21. cxd4 Kf7 22. Rfc1 Rac8 23. Bf3 Nb6 24. Kg2 Nd7 25. g4 fxg4 26. Bxg4 Nf8 27. Kg3 Rxc1 28. Rxc1 Bc4 29. f3 e5 30. dxe5 Bxe5 31. Rc2 d4 32. Bc1 Bxe2 33. Kf2 Bb5 34. Rc5 d3 35. Kg2 Bb8 36. Bd2 Re7 37. b3 Nd7 38. Rd5 Ne5 39. Bc8 Bc6 40. Rd8 Nxf3 41. Bb4 Bxf4 0-1

[Event "Open"]
[Site "Dortmund op"]
[Date "1993.??.??"]
[Round "10"]
[White "Khenkin, Igor"]
[Black "Kindermann, Stefan E S"]
[Result "1/2-1/2"]
[WhiteElo "2575"]
[BlackElo "2495"]
[PlyCount "97"]
[EventDate "1993.??.??"]
[Source "www.chesslib.no"]
[SourceDate "2004.05.04"]

1. d4 f5 2. g3 Nf6 3. Bg2 g6 4. Nd2 Nc6 5. d5 Ne5 6. b3 Bg7 7. Bb2 d6 8. Ndf3 Nxf3+ 9. Nxf3 O-O 10. O-O Bd7 11. c4 c6 12. dxc6 Bxc6 13. Rc1 b6 14. Ng5 Bxg2 15. Kxg2 Qd7 16. Bxf6 Bxf6 17. Qd5+ Kh8 18. Ne6 Rfc8 19. f3 Qc6 20. Qd3 Qd7 21. Qd5 Qc6 22. e4 Qxd5 23. exd5 h5 24. a4 a6 25. b4 Kh7 26. h3 b5 27. cxb5 axb5 28. Rxc8 Rxc8 29. a5 Rc4 30. Rb1 Rc2+ 31. Kf1 Rc3 32. Ke2 Rc2+ 33. Kd1 Rc3 34. g4 fxg4 35. fxg4 Rxh3 36. g5 Be5 37. Ke2 Rc3 38. Rf1 h4 39. Rf7+ Kg8 40. Rf8+ Kh7 41. Rf7+ Kg8 42. Rf8+ Kh7 43. Rf3 Rc2+ 44. Kf1 Rc1+ 45. Kg2 Rc2+ 46. Kf1 Rc1+ 47. Ke2 Rc2+ 48. Kd1 Rh2 49. Rf7+ 1/2-1/2

[Event "Ch Yugoslavia Open"]
[Site "Baden-Baden GER"]
[Date "1996.??.??"]
[Round "3"]
[White "Golubev, Mihail"]
[Black "Maksimenko, Andrei"]
[Result "1-0"]
[WhiteElo "2525"]
[BlackElo "2545"]
[PlyCount "159"]
[EventDate "1996.??.??"]
[Source "www.chesslib.no"]
[SourceDate "2004.05.04"]

1. d4 f5 2. g3 Nf6 3. Bg2 g6 4. Nf3 Bg7 5. c3 O-O 6. O-O Na6 7. Nbd2 c5 8. Qa4 d5 9. Ne5 e6 10. Ndf3 Ne4 11. h4 Rb8 12. Bf4 b5 13. Qc2 Qb6 14. Rac1 c4 15. b4 Rb7 16. a4 Nc7 17. a5 Qa6 18. Rcd1 Ne8 19. Ng5 N4f6 20. Bf3 h6 21. Nh3 Kh7 22. Kg2 Rg8 23. Rh1 Bf8 24. Qc1 Nh5 25. Be3 Qd6 26. Nf4 Nhf6 27. Nh3 Qe7 28. Rh2 Rh8 29. Rdh1 Qg7 30. Nf4 Ng4 31. Nxg4 fxg4 32. Bxg4 Qf6 33. Bf3 Nd6 34. Nh3 Kg8 35. Bf4 Nf7 36. Qe3 Bd6 37. Rd1 Re7 38. Bxd6 Nxd6 39. Nf4 Nf7 40. h5 gxh5 41. Bxh5 Rh7 42. Bxf7+ Rexf7 43. Rdh1 Qg5 44. Rh5 Qg7 45. Re5 Qf6 46. Rh4 Rhg7 47. Kf1 Rg5 48. Rh5 Rfg7 49. Rhxg5 Rxg5 50. Nxd5 exd5 51. Re8+ Kh7 52. Rxc8 Qf5 53. Rc7+ Rg7 54. Rxg7+ Kxg7 55. Qe7+ Kg6 56. Kg2 h5 57. f3 a6 58. e4 dxe4 59. Qxe4 Kf6 60. Qxf5+ Kxf5 61. Kh3 Kg5 62. d5 Kf5 63. Kh4 Ke5 64. Kxh5 Kxd5 65. Kg5 Ke5 66. g4 Ke6 67. Kh6 Ke5 68. g5 Kf4 69. g6 Kxf3 70. g7 Ke3 71. g8=Q Kd3 72. Qg3+ Kc2 73. Kg5 Kb2 74. Kf4 Kc2 75. Qe3 Kb3 76. Qd2 Ka3 77. Ke3 Kb3 78. Ke2 Ka3 79. Kd1 Kb3 80. Kc1 1-0

[Event "ch-UKR, Ordzhonikidze UKR"]
[Site "?"]
[Date "2001.??.??"]
[Round "7"]
[White "Goloshchapov, A."]
[Black "Malaniuk, V."]
[Result "1/2-1/2"]
[WhiteElo "2550"]
[BlackElo "2515"]
[PlyCount "94"]
[EventDate "2001.??.??"]
[Source "www.chesslib.no"]
[SourceDate "2004.05.04"]

1. d4 f5 2. g3 Nf6 3. Bg2 g6 4. Nf3 Bg7 5. O-O O-O 6. b4 d6 7. Bb2 Nc6 8. a3 e5 9. dxe5 Ng4 10. Nbd2 Ngxe5 11. Nxe5 Nxe5 12. e3 Nf3+ 13. Nxf3 Bxb2 14. Rb1 Bg7 15. Nd4 Kh8 16. c4 Rb8 17. h4 Bd7 18. Qd3 Qe7 19. Rfd1 a6 20. b5 Rfd8 21. Rb3 a5 22. Qd2 b6 23. Nc6 Bxc6 24. Bxc6 Rf8 25. f4 Qf6 26. a4 Rf7 27. Kg2 Re7 28. Re1 Rf8 29. Qd1 Rff7 30. Bd5 Rf8 31. Bc6 Rff7 32. Kf2 Rf8 33. Kf3 Rff7 34. Bd5 Rf8 35. Bc6 Rff7 36. Qc2 Rf8 37. Qd3 Rff7 38. Bd5 Rf8 39. Bc6 Rff7 40. Kf2 Rf8 41. Qd1 Rff7 42. Kg2 Rf8 43. Qf3 Rff7 44. e4 fxe4 45. Bxe4 d5 46. cxd5 Qd4 47. Ra3 Rf8 1/2-1/2

[Event "Espoo zt"]
[Site "Espoo"]
[Date "1989.??.??"]
[Round "?"]
[White "Agdestein, Simen"]
[Black "Yrjola, Jouni"]
[Result "1/2-1/2"]
[WhiteElo "2605"]
[BlackElo "2460"]
[PlyCount "79"]
[EventDate "1989.07.??"]
[Source "ChessBase"]

1. d4 f5 2. g3 Nf6 3. Bg2 g6 4. e3 Bg7 5. Ne2 d6 6. c4 O-O 7. Nbc3 e5 8. O-O c6 9. e4 Na6 10. exf5 Bxf5 11. d5 c5 12. h3 h5 13. a3 Qc8 14. Kh2 Nc7 15. Bg5 Rb8 16. a4 Qd7 17. Nb5 a6 18. Nxc7 Qxc7 19. Nc3 Rbe8 20. Qd2 Qa5 21. Qe2 e4 22. Rae1 Qb6 23. Kg1 Nh7 24. Bc1 Nf6 25. Bf4 Rf7 26. Qd2 Qb3 27. Bxd6 Qxc4 28. Bf4 b5 29. axb5 axb5 30. d6 b4 31. Nd1 Qd4 32. Qc1 Nd5 33. Bg5 Rd7 34. Ne3 Nxe3 35. Bxe3 Qxb2 36. Qxc5 Qe5 37. Qxb4 Qxd6 38. Qa4 Qe6 39. Rd1 Red8 40. Rxd7 1/2-1/2

[Event "Havsbad"]
[Site "Osterskars Havsbad"]
[Date "1995.??.??"]
[Round "?"]
[White "Chernin, Alexander M"]
[Black "Agrest, Evgenij"]
[Result "1/2-1/2"]
[WhiteElo "2600"]
[BlackElo "2460"]
[PlyCount "120"]
[EventDate "1995.??.??"]
[Source "www.chesslib.no"]
[SourceDate "2004.05.04"]

1. d4 f5 2. g3 Nf6 3. Bg2 g6 4. Bg5 Bg7 5. Nd2 c5 6. d5 d6 7. c3 Nbd7 8. Qc2 O-O 9. Bxf6 Nxf6 10. Nh3 Rb8 11. Nf4 g5 12. Ne6 Bxe6 13. dxe6 d5 14. c4 dxc4 15. Nxc4 b5 16. Rd1 Qc7 17. Ne3 Qa5+ 18. Rd2 Ne4 19. Bxe4 fxe4 20. O-O Bd4 21. b4 Qxb4 22. Nd5 Qc4 23. Nxe7+ Kh8 24. Qxc4 bxc4 25. e3 c3 26. Rc2 Bg7 27. Nd5 Rb2 28. Rfc1 Re8 29. Nxc3 Rxc2 30. Rxc2 Rxe6 31. Na4 Bf8 32. Rc4 h6 33. Kf1 Kh7 34. Nc3 Ra6 35. a4 Rb6 36. Rxe4 Rb4 37. g4 Bg7 38. Re7 Kg8 39. Ne4 Rxa4 40. Nxc5 Ra1+ 41. Ke2 Bf8 42. Re8 Kf7 43. Re5 Bd6 44. Rf5+ Ke7 45. Ne4 Bxh2 46. Rf6 Ra4 47. Rxh6 Rxe4 48. Kf3 Rb4 49. Rxh2 a5 50. Rh6 Kf7 51. Ra6 a4 52. Kg3 Re4 53. Rc6 Re5 54. Ra6 Re4 55. Kf3 Rb4 56. Ra5 Kf6 57. Rf5+ Kg6 58. Rc5 Kf6 59. Kg3 Re4 60. Rc3 Re6 1/2-1/2